[Event "Silver Lake Open-A 2019"]
[Site "Veliko Gradiste"]
[Date "2019.06.21"]
[Round "7.8"]
[White "Yu, Jennifer"]
[Black "Ozkan, Taha"]
[Result "1-0"]
[WhiteElo "2369"]
[BlackElo "2039"]
[Annotator "NA"]
[PlyCount "67"]
[EventDate "2019.06.16"]
[EventType "swiss"]
[EventCountry "SRB"]
[SourceTitle "playchess.com"]
[Source "ChessBase"]
[SourceQuality "1"]
[TimeControl "40/5400+30:900+30"]

1. c4 {[%emt 0:00:00]} c6 {[%emt 0:00:00]} 2. Nf3 {[%emt 0:00:00]} d5 {[%emt 0:00:00]} 3. e3 {[%emt 0:00:00]} e6 {[%emt 0:00:00]} 4. Nc3 {[%emt 0:00:08]} Bd6 {[%emt 0:00:00]} 5. b3 {[%emt 0:00:28]} Nd7 {[%emt 0:00:35]} 6. Bb2 {[%emt 0:00:09]} Ngf6 {[%emt 0:00:18]} 7. Qc2 {[%emt 0:00:15]} O-O {[%emt 0:00:50]} 8. Rg1 {[%emt 0:00:14]} e5 {[%emt 0:00:59]} 9. cxd5 {[%emt 0:00:06]} Nxd5 {[%emt 0:01:16]} 10. Ne4 {[%emt 0:00:14]} Bc7 {[%emt 0:00:52]} 11. g4 {[%emt 0:00:41]} Qe7 {[%emt 0:01:12]} 12. a3 {[%emt 0:10:41]} N7f6 {[%emt 0:03:38]} 13. Nxf6+ {[%emt 0:00:31]} Qxf6 {[%emt 0:00:39]} 14. Be2 {[%emt 0:00:23]} Re8 {[%emt 0:01:53]} 15. h4 {[%emt 0:03:35]} Qg6 {[%emt 0:03:32]} 16. d3 {[%emt 0:05:50]} e4 {[%emt 0:21:35]} 17. h5 {[%emt 0:09:58]} Qe6 {[%emt 0:10:38]} 18. Ng5 {[%emt 0:08:46]} exd3 {[%emt 0:01:40]} 19. Bxd3 {[%emt 0:00:05]} Qh6 {[%emt 0:04:00]} 20. Bxh7+ Kf8 {[%emt 0:00:07]} 21. Nxf7 {[%emt 0:29:40]} Rxe3+ {[%emt 0:16:19]} 22. Kf1 {[%emt 0:13:20]} Qf4 {[%emt 0:13:10]} 23. Nh8 {[%emt 0:07:00]} Qf3 {[%emt 0:03:35]} 24. Ng6+ {[%emt 0:00:04]} Ke8 {[%emt 0:01:44]} 25. Rg2 {[%emt 0:00:11]} Rc3 {[%emt 0:08:52]} 26. Re1+ {[%emt 0:03:16]} Ne3+ {[%emt 0:00:54]} 27. Rxe3+ {[%emt 0:00:04]} Rxe3 {[%emt 0:00:05]} 28. Nh4 {[%emt 0:00:02]} Qf4 {[%emt 0:03:38]} 29. Bc1 {[%emt 0:00:24]} Qe5 {[%emt 0:01:54]} 30. Bxe3 {[%emt 0:00:39]} Qa1+ {[%emt 0:00:28]} 31. Qb1 {[%emt 0:01:00]} Qxa3 {[%emt 0:00:19]} 32. Qe4+ {[%emt 0:01:44]} Qe7 {[%emt 0:00:42]} 33. Bg6+ {[%emt 0:00:11]} Kd8 {[%emt 0:00:26]} 34. Bg5 {[%emt 0:00:12]} 1-0

[Event "Silver Lake Open-A 2019"]
[Site "Veliko Gradiste"]
[Date "2019.06.21"]
[Round "7.9"]
[White "Konaplev, Anton"]
[Black "Nestorovic, Dejan"]
[Result "1-0"]
[WhiteElo "2292"]
[BlackElo "2339"]
[Annotator "NA"]
[PlyCount "71"]
[EventDate "2019.06.16"]
[EventType "swiss"]
[EventCountry "SRB"]
[SourceTitle "playchess.com"]
[Source "ChessBase"]
[SourceQuality "1"]
[TimeControl "40/5400+30:900+30"]

1. d4 {[%emt 0:00:00]} Nf6 {[%emt 0:00:34]} 2. c4 {[%emt 0:00:00]} e6 {[%emt 0:00:10]} 3. g3 {[%emt 0:00:09]} Bb4+ {[%emt 0:01:38]} 4. Nd2 {[%emt 0:00:17]} d5 {[%emt 0:01:02]} 5. Bg2 {[%emt 0:00:18]} O-O {[%emt 0:01:14]} 6. Ngf3 {[%emt 0:00:18]} c6 {[%emt 0:01:07]} 7. O-O {[%emt 0:01:04]} b6 {[%emt 0:05:46]} 8. Qc2 {[%emt 0:05:33]} Bb7 {[%emt 0:04:46]} 9. Rd1 {[%emt 0:02:14]} a5 {[%emt 0:01:09]} 10. e4 {[%emt 0:06:21]} Na6 {[%emt 0:01:11]} 11. a3 {[%emt 0:11:31]} Be7 {[%emt 0:00:10]} 12. b3 {[%emt 0:07:02]} Rc8 {[%emt 0:00:35]} 13. Bb2 {[%emt 0:02:20]} Rc7 {[%emt 0:08:22]} 14. Rac1 {[%emt 0:09:30]} Qa8 {[%emt 0:03:39]} 15. e5 {[%emt 0:04:44]} Nd7 {[%emt 0:01:35]} 16. cxd5 {[%emt 0:03:29]} cxd5 {[%emt 0:01:13]} 17. Qd3 {[%emt 0:02:28]} Rfc8 {[%emt 0:00:29]} 18. Nb1 {[%emt 0:01:59]} Nab8 {[%emt 0:09:12]} 19. a4 {[%emt 0:05:51]} Na6 {[%emt 0:09:43]} 20. Nc3 {[%emt 0:04:57]} Nb4 {[%emt 0:00:26]} 21. Qe3 {[%emt 0:01:10]} Ba6 {[%emt 0:01:36]} 22. Bf1 {[%emt 0:03:25]} Bxf1 {[%emt 0:02:24]} 23. Kxf1 {[%emt 0:02:33]} Rc6 {[%emt 0:09:06]} 24. Ne1 {[%emt 0:02:49]} f6 {[%emt 0:06:11]} 25. exf6 {[%emt 0:03:18]} Bxf6 {[%emt 0:00:17]} 26. Nb5 {[%emt 0:01:59]} Nf8 {[%emt 0:03:06]} 27. Ba3 {[%emt 0:05:05]} Rxc1 {[%emt 0:11:04]} 28. Rxc1 {[%emt 0:02:09]} Rxc1 {[%emt 0:00:06]} 29. Qxc1 {[%emt 0:00:16]} Qc6 {[%emt 0:00:09]} 30. Qd2 {[%emt 0:03:27]} Be7 {[%emt 0:03:12]} 31. Nd3 {[%emt 0:03:40]} Nxd3 {[%emt 0:11:49]} 32. Bxe7 {[%emt 0:00:03]} Qc1+ {[%emt 0:00:14]} 33. Qxc1 {[%emt 0:02:37]} Nxc1 {[%emt 0:00:02]} 34. f4 {[%emt 0:03:32]} Nd7 {[%emt 0:02:55]} 35. Ba3 {[%emt 0:00:15]} Kf7 {[%emt 0:00:39]} 36. Ke1 1-0

[Event "Silver Lake Open-A 2019"]
[Site "Veliko Gradiste"]
[Date "2019.06.21"]
[Round "7.10"]
[White "Markovic, Zoran S"]
[Black "Krasteva, Beloslava"]
[Result "0-1"]
[WhiteElo "2334"]
[BlackElo "2259"]
[Annotator "NA"]
[PlyCount "70"]
[EventDate "2019.06.16"]
[EventType "swiss"]
[EventCountry "SRB"]
[SourceTitle "playchess.com"]
[Source "ChessBase"]
[SourceQuality "1"]
[TimeControl "40/5400+30:900+30"]

1. e4 {[%emt 0:00:00]} c5 {[%emt 0:00:00]} 2. Nf3 {[%emt 0:00:00]} d6 {[%emt 0:00:07]} 3. d4 {[%emt 0:00:00]} cxd4 {[%emt 0:00:13]} 4. Nxd4 {[%emt 0:00:06]} Nf6 {[%emt 0:00:09]} 5. Nc3 {[%emt 0:00:12]} a6 {[%emt 0:00:09]} 6. Be2 {[%emt 0:00:22]} e6 {[%emt 0:00:16]} 7. f4 {[%emt 0:00:40]} Be7 {[%emt 0:00:44]} 8. O-O {[%emt 0:00:27]} O-O {[%emt 0:00:10]} 9. Be3 {[%emt 0:00:31]} Qc7 {[%emt 0:01:50]} 10. Qe1 {[%emt 0:02:57]} b5 {[%emt 0:06:16]} 11. Bf3 {[%emt 0:10:46]} Bb7 {[%emt 0:01:04]} 12. e5 {[%emt 0:01:45]} dxe5 {[%emt 0:02:22]} 13. fxe5 {[%emt 0:00:18]} Nfd7 {[%emt 0:00:57]} 14. Qg3 {[%emt 0:06:46]} Kh8 {[%emt 0:07:40]} 15. Rf2 {[%emt 0:13:43]} b4 {[%emt 0:11:11]} 16. Bxb7 {[%emt 0:09:56]} Qxb7 {[%emt 0:00:09]} 17. Nce2 {[%emt 0:16:08]} Nc6 {[%emt 0:01:25]} 18. Nxc6 {[%emt 0:03:29]} Qxc6 {[%emt 0:00:06]} 19. Raf1 {[%emt 0:02:45]} f6 {[%emt 0:04:10]} 20. exf6 {[%emt 0:02:08]} Bxf6 {[%emt 0:01:55]} 21. Nf4 {[%emt 0:03:55]} Bxb2 {[%emt 0:09:52]} 22. Qh3 {[%emt 0:02:07]} Rf6 {[%emt 0:00:55]} 23. g4 {[%emt 0:08:35]} e5 {[%emt 0:09:48]} 24. Nd3 {[%emt 0:00:41]} Rxf2 {[%emt 0:02:18]} 25. Rxf2 {[%emt 0:00:06]} Bc3 {[%emt 0:00:13]} 26. g5 {[%emt 0:04:11]} Kg8 {[%emt 0:01:24]} 27. Qg4 {[%emt 0:03:50]} e4 {[%emt 0:03:03]} 28. Nf4 {[%emt 0:01:10]} Ne5 {[%emt 0:01:22]} 29. Qe6+ {[%emt 0:00:46]} Qxe6 {[%emt 0:00:40]} 30. Nxe6 {[%emt 0:00:02]} Nf3+ {[%emt 0:02:01]} 31. Kf1 {[%emt 0:01:46]} Be5 {[%emt 0:02:47]} 32. h3 {[%emt 0:01:29]} Bd6 {[%emt 0:06:45]} 33. Rg2 {[%emt 0:02:21]} Rc8 {[%emt 0:01:35]} 34. g6 {[%emt 0:01:56]} hxg6 {[%emt 0:02:30]} 35. Rxg6 {[%emt 0:00:47]} Kf7 {[%emt 0:01:27]} 0-1

[Event "Silver Lake Open-A 2019"]
[Site "Veliko Gradiste"]
[Date "2019.06.22"]
[Round "8.1"]
[White "Radovanovic, Mihajlo"]
[Black "Ernst, Sipke"]
[Result "1/2-1/2"]
[WhiteElo "2483"]
[BlackElo "2541"]
[Annotator "ChessBase"]
[PlyCount "54"]
[EventDate "2019.06.16"]
[EventType "swiss"]
[EventCountry "SRB"]
[SourceTitle "playchess.com"]
[Source "ChessBase"]
[SourceQuality "1"]
[TimeControl "40/5400+30:900+30"]

1. Nf3 {[%emt 0:00:00]} Nf6 {[%emt 0:00:00]} 2. c4 {[%emt 0:00:00]} e6 {[%emt 0:03:23]} 3. Nc3 {[%emt 0:01:49]} d5 {[%emt 0:01:07]} 4. d4 {[%emt 0:00:05]} dxc4 {[%emt 0:00:29]} 5. e4 {[%emt 0:06:48]} c5 {[%emt 0:01:05]} 6. d5 {[%emt 0:01:25]} exd5 {[%emt 0:00:20]} 7. e5 {[%emt 0:00:46]} Nfd7 {[%emt 0:01:24]} 8. Bg5 {[%emt 0:11:45]} Be7 {[%emt 0:00:02]} 9. Bxe7 {[%emt 0:01:20]} Qxe7 {[%emt 0:00:05]} 10. Nxd5 {[%emt 0:00:06]} Qd8 {[%emt 0:00:02]} 11. Bxc4 {[%emt 0:00:51]} O-O {[%emt 0:01:25]} 12. O-O {[%emt 0:02:54]} Nc6 {[%emt 0:08:54]} 13. Re1 {[%emt 0:01:49]} Nb6 {[%emt 0:00:45]} 14. Nxb6 {[%emt 0:00:08]} axb6 {[%emt 0:00:12]} 15. Qxd8 {[%emt 0:11:31]} Nxd8 {[%emt 0:00:09]} 16. Ng5 {[%emt 0:04:15]} Ne6 {[%emt 0:06:35]} 17. Bxe6 {[%emt 0:08:25]} Bxe6 {[%emt 0:00:02]} 18. a3 {[%emt 0:02:13]} Rfd8 {[%emt 0:02:38]} 19. Ne4 {[%emt 0:01:51]} Rd5 {[%emt 0:10:11]} 20. f4 {[%emt 0:02:27]} Rd4 {[%emt 0:00:15]} 21. Rad1 {[%emt 0:02:50]} Rad8 {[%emt 0:01:00]} 22. Rxd4 {[%emt 0:01:55]} Rxd4 {[%emt 0:00:04]} 23. g3 {[%emt 0:01:00]} Bd5 {[%emt 0:13:38]} 24. Nc3 {[%emt 0:00:58]} Bb3 {[%emt 0:03:03]} 25. Kf2 {[%emt 0:00:26]} Kf8 {[%emt 0:08:00]} 26. Ke3 {[%emt 0:00:10]} f6 {[%emt 0:01:13]} 27. exf6 {[%emt 0:01:47]} gxf6 {[%emt 0:01:56] Ke4} 1/2-1/2

[Event "Silver Lake Open-A 2019"]
[Site "Veliko Gradiste"]
[Date "2019.06.22"]
[Round "8.2"]
[White "Damljanovic, Branko"]
[Black "Savic, Miodrag R"]
[Result "1/2-1/2"]
[WhiteElo "2468"]
[BlackElo "2503"]
[Annotator "ChessBase"]
[PlyCount "126"]
[EventDate "2019.06.16"]
[EventType "swiss"]
[EventCountry "SRB"]
[SourceTitle "playchess.com"]
[Source "ChessBase"]
[SourceQuality "1"]
[TimeControl "40/5400+30:900+30"]

1. d4 {[%emt 0:00:00]} Nf6 {[%emt 0:00:45]} 2. c4 {[%emt 0:00:00]} e6 {[%emt 0:00:07]} 3. Nf3 {[%emt 0:00:00]} Bb4+ {[%emt 0:00:25]} 4. Bd2 {[%emt 0:00:01]} a5 {[%emt 0:00:34]} 5. Qc2 {[%emt 0:01:35]} Bxd2+ {[%emt 0:07:09]} 6. Nbxd2 {[%emt 0:00:13]} Nc6 {[%emt 0:00:35]} 7. g4 {[%emt 0:05:44]} Nxg4 {[%emt 0:08:17]} 8. Rg1 {[%emt 0:00:37]} f5 {[%emt 0:06:54]} 9. h3 {[%emt 0:27:37]} Nh6 {[%emt 0:01:06]} 10. d5 {[%emt 0:00:30]} Nb4 {[%emt 0:00:30]} 11. Qc3 {[%emt 0:00:30]} Qf6 {[%emt 0:00:30]} 12. Qxf6 {[%emt 0:00:30]} gxf6 {[%emt 0:00:30]} 13. Nd4 {[%emt 0:00:30]} e5 {[%emt 0:07:31]} 14. Nb5 {[%emt 0:04:29]} Kd8 {[%emt 0:02:02]} 15. Kd1 {[%emt 0:05:32]} Rg8 {[%emt 0:03:07]} 16. Rxg8+ {[%emt 0:00:36]} Nxg8 {[%emt 0:00:02]} 17. d6 {[%emt 0:02:26]} cxd6 {[%emt 0:04:13]} 18. a3 {[%emt 0:00:52]} Na6 {[%emt 0:02:37]} 19. Nxd6 {[%emt 0:01:04]} Nc5 {[%emt 0:12:34]} 20. Rc1 {[%emt 0:02:59]} Ra6 {[%emt 0:02:15]} 21. Nxf5 {[%emt 0:03:25]} Rb6 {[%emt 0:01:32]} 22. b3 {[%emt 0:04:04]} Ne7 {[%emt 0:08:29]} 23. Nxe7 {[%emt 0:01:37]} Kxe7 {[%emt 0:00:03]} 24. Rc3 {[%emt 0:00:26]} f5 {[%emt 0:08:27]} 25. Rg3 {[%emt 0:07:27]} Rg6 {[%emt 0:01:18]} 26. Kc2 {[%emt 0:00:39]} d6 {[%emt 0:02:23]} 27. Bg2 {[%emt 0:04:36]} b6 {[%emt 0:00:37]} 28. b4 {[%emt 0:02:50]} axb4 {[%emt 0:00:10]} 29. axb4 {[%emt 0:00:01]} Ne6 {[%emt 0:00:21]} 30. e3 {[%emt 0:00:31]} f4 {[%emt 0:13:14]} 31. Rxg6 {[%emt 0:01:14]} hxg6 {[%emt 0:00:08]} 32. h4 {[%emt 0:05:54]} fxe3 {[%emt 0:00:05]} 33. fxe3 {[%emt 0:00:04]} Ng7 {[%emt 0:00:31]} 34. Be4 {[%emt 0:00:41]} Bf5 {[%emt 0:01:09]} 35. Kd3 {[%emt 0:00:31]} Bxe4+ {[%emt 0:05:01]} 36. Kxe4 {[%emt 0:00:03]} Nf5 {[%emt 0:00:28]} 37. Nf3 {[%emt 0:01:08]} Kd7 {[%emt 0:00:15]} 38. Kd3 {[%emt 0:04:18]} Ke6 {[%emt 0:00:30]} 39. e4 {[%emt 0:00:33]} Ng3 {[%emt 0:00:52]} 40. Ne1 {[%emt 0:00:00]} Nh5 {[%emt 0:00:00]} 41. Ng2 {[%emt 0:04:24]} Kd7 {[%emt 0:01:58]} 42. Ke3 {[%emt 0:04:34]} Ng3 {[%emt 0:06:06]} 43. Kf3 {[%emt 0:04:36]} Nf1 {[%emt 0:00:02]} 44. Ke2 {[%emt 0:01:20]} Ng3+ {[%emt 0:00:02]} 45. Kd3 {[%emt 0:04:40]} Kc6 {[%emt 0:01:18]} 46. Ne3 {[%emt 0:01:07]} b5 {[%emt 0:03:15]} 47. cxb5+ {[%emt 0:02:16]} Kxb5 {[%emt 0:00:01]} 48. Nd5 {[%emt 0:00:00]} Nh5 {[%emt 0:00:43]} 49. Ke3 {[%emt 0:00:26]} Ng7 {[%emt 0:00:08]} 50. Ne7 {[%emt 0:03:55]} Kxb4 {[%emt 0:00:30]} 51. Nxg6 {[%emt 0:00:06]} Kc5 {[%emt 0:00:48]} 52. Ne7 {[%emt 0:00:15]} Nh5 {[%emt 0:00:38]} 53. Nd5 {[%emt 0:02:43]} Kc4 {[%emt 0:02:36]} 54. Kf3 {[%emt 0:02:02]} Kd4 55. Ne3 {[%emt 0:00:11]} Nf6 {[%emt 0:00:41]} 56. Nf5+ {[%emt 0:00:30]} Kc5 {[%emt 0:00:02]} 57. Ng3 {[%emt 0:00:24]} d5 {[%emt 0:00:24]} 58. h5 d4 {[%emt 0:01:27]} 59. h6 {[%emt 0:01:02]} Kd6 {[%emt 0:00:02]} 60. Ke2 {[%emt 0:01:08]} Ke6 {[%emt 0:00:19]} 61. Kd3 {[%emt 0:00:05]} Kf7 {[%emt 0:00:32]} 62. Nf5 {[%emt 0:00:03]} Kg6 {[%emt 0:00:23]} 63. Nxd4 {[%emt 0:00:02]} Kxh6 {[%emt 0:00:23]} 1/2-1/2

[Event "Silver Lake Open-A 2019"]
[Site "Veliko Gradiste"]
[Date "2019.06.22"]
[Round "8.4"]
[White "Zakhartsov, Viacheslav V."]
[Black "Konaplev, Anton"]
[Result "1/2-1/2"]
[WhiteElo "2518"]
[BlackElo "2292"]
[Annotator "ChessBase"]
[PlyCount "56"]
[EventDate "2019.06.16"]
[EventType "swiss"]
[EventCountry "SRB"]
[SourceTitle "playchess.com"]
[Source "ChessBase"]
[SourceQuality "1"]
[TimeControl "40/5400+30:900+30"]

1. d4 {[%emt 0:00:00]} Nf6 {[%emt 0:00:00]} 2. c4 {[%emt 0:00:00]} e6 {[%emt 0:00:16]} 3. Nc3 {[%emt 0:00:00]} Bb4 {[%emt 0:00:48]} 4. Qc2 {[%emt 0:00:11]} O-O {[%emt 0:00:44]} 5. a3 {[%emt 0:00:08]} Bxc3+ {[%emt 0:00:09]} 6. Qxc3 {[%emt 0:00:06]} b6 {[%emt 0:00:22]} 7. Bg5 {[%emt 0:00:27]} c5 {[%emt 0:01:15]} 8. dxc5 {[%emt 0:01:35]} bxc5 {[%emt 0:00:16]} 9. e3 {[%emt 0:00:50]} d6 {[%emt 0:00:46]} 10. f3 {[%emt 0:18:39]} Nbd7 {[%emt 0:04:39]} 11. Bd3 {[%emt 0:07:58]} Bb7 {[%emt 0:07:00]} 12. Nh3 {[%emt 0:13:15]} Qb6 {[%emt 0:06:05]} 13. O-O {[%emt 0:07:25]} Rfe8 {[%emt 0:03:31]} 14. Rfd1 {[%emt 0:02:41]} d5 {[%emt 0:10:11]} 15. Bc2 {[%emt 0:02:11]} Bc6 {[%emt 0:02:47]} 16. Rd2 {[%emt 0:03:39]} Rab8 {[%emt 0:10:03]} 17. Rb1 {[%emt 0:02:33]} h6 {[%emt 0:04:39]} 18. Bh4 {[%emt 0:00:06]} e5 {[%emt 0:08:43]} 19. b4 {[%emt 0:07:12]} cxb4 {[%emt 0:10:22]} 20. Rxb4 {[%emt 0:02:09]} Qc5 {[%emt 0:02:06]} 21. Bxf6 {[%emt 0:03:53]} Nxf6 {[%emt 0:00:36]} 22. Rxb8 {[%emt 0:01:07]} Rxb8 {[%emt 0:00:03]} 23. Qxe5 {[%emt 0:00:08]} Re8 {[%emt 0:02:04]} 24. Qd4 {[%emt 0:00:04]} Qxd4 {[%emt 0:02:44]} 25. Rxd4 {[%emt 0:00:04]} Rxe3 {[%emt 0:00:51]} 26. cxd5 {[%emt 0:00:38]} Bxd5 {[%emt 0:00:59]} 27. Nf4 {[%emt 0:01:03]} Bc6 {[%emt 0:01:52]} 28. Rd3 {[%emt 0:00:05]} Rxd3 {[%emt 0:00:29]} 1/2-1/2

[Event "Silver Lake Open-A 2019"]
[Site "Veliko Gradiste"]
[Date "2019.06.22"]
[Round "8.5"]
[White "Stankovic, Milos"]
[Black "Yu, Jennifer"]
[Result "1/2-1/2"]
[WhiteElo "2462"]
[BlackElo "2369"]
[Annotator "ChessBase"]
[PlyCount "29"]
[EventDate "2019.06.16"]
[EventType "swiss"]
[EventCountry "SRB"]
[SourceTitle "playchess.com"]
[Source "ChessBase"]
[SourceQuality "1"]
[TimeControl "40/5400+30:900+30"]

1. e4 {[%emt 0:01:38]} e5 {[%emt 0:00:00]} 2. Nf3 {[%emt 0:00:21]} Nf6 {[%emt 0:00:00]} 3. Nxe5 {[%emt 0:03:34]} d6 {[%emt 0:00:00]} 4. Nf3 {[%emt 0:00:33]} Nxe4 {[%emt 0:00:02]} 5. c4 {[%emt 0:00:20]} Nc6 {[%emt 0:02:09]} 6. d4 {[%emt 0:05:16]} d5 {[%emt 0:00:25]} 7. Nc3 {[%emt 0:04:40]} Bb4 {[%emt 0:02:47]} 8. Bd2 {[%emt 0:18:58]} Nxd2 {[%emt 0:05:02]} 9. Qxd2 {[%emt 0:01:30]} O-O {[%emt 0:03:19]} 10. cxd5 {[%emt 0:02:53]} Re8+ {[%emt 0:04:08]} 11. Be2 {[%emt 0:00:49]} Ne7 12. O-O {[%emt 0:02:43]} Nxd5 {[%emt 0:05:37]} 13. Bc4 {[%emt 0:01:53]} Nb6 {[%emt 0:13:40]} 14. Bd3 {[%emt 0:02:27]} g6 {[%emt 0:07:57]} 15. Rfe1 {[%emt 0:05:33]} 1/2-1/2

[Event "Silver Lake Open-A 2019"]
[Site "Veliko Gradiste"]
[Date "2019.06.22"]
[Round "8.6"]
[White "Krasteva, Beloslava"]
[Black "Stefanov, Emil"]
[Result "1-0"]
[WhiteElo "2259"]
[BlackElo "2387"]
[Annotator "ChessBase"]
[PlyCount "81"]
[EventDate "2019.06.16"]
[EventType "swiss"]
[EventCountry "SRB"]
[SourceTitle "playchess.com"]
[Source "ChessBase"]
[SourceQuality "1"]
[TimeControl "40/5400+30:900+30"]

1. d4 {[%emt 0:00:00]} Nf6 {[%emt 0:00:00]} 2. c4 {[%emt 0:00:05]} e6 {[%emt 0:00:44]} 3. Nc3 {[%emt 0:00:30]} Bb4 {[%emt 0:00:09]} 4. e3 {[%emt 0:00:31]} O-O {[%emt 0:00:22]} 5. Bd3 {[%emt 0:00:35]} d5 {[%emt 0:00:47]} 6. cxd5 {[%emt 0:00:55]} exd5 {[%emt 0:00:08]} 7. Nge2 {[%emt 0:00:25]} Re8 {[%emt 0:00:57]} 8. Bd2 {[%emt 0:00:41]} c5 {[%emt 0:02:26]} 9. a3 {[%emt 0:01:26]} Bxc3 {[%emt 0:00:25]} 10. bxc3 {[%emt 0:00:33]} b6 {[%emt 0:08:21]} 11. O-O {[%emt 0:03:03]} Ba6 {[%emt 0:01:26]} 12. Bc2 {[%emt 0:03:36]} Nc6 {[%emt 0:05:09]} 13. Re1 {[%emt 0:02:30]} Rc8 {[%emt 0:01:32]} 14. Ng3 {[%emt 0:02:47]} Bb7 {[%emt 0:16:10]} 15. f3 {[%emt 0:06:32]} Na5 {[%emt 0:12:44]} 16. Bc1 {[%emt 0:07:10]} Qc7 {[%emt 0:07:13]} 17. Bf5 {[%emt 0:06:55]} Rcd8 {[%emt 0:00:04]} 18. Ra2 {[%emt 0:04:39]} Nc4 {[%emt 0:17:09]} 19. Bd3 {[%emt 0:05:31]} Nd6 {[%emt 0:05:22]} 20. Rae2 {[%emt 0:04:30]} cxd4 {[%emt 0:01:16]} 21. cxd4 {[%emt 0:00:39]} Qd7 {[%emt 0:00:04]} 22. Bb2 {[%emt 0:08:34]} b5 {[%emt 0:01:35]} 23. e4 {[%emt 0:05:35]} dxe4 {[%emt 0:00:03]} 24. fxe4 {[%emt 0:00:00]} Nc4 {[%emt 0:00:03]} 25. Bxc4 {[%emt 0:02:07]} bxc4 {[%emt 0:00:01]} 26. d5 {[%emt 0:01:42]} Ng4 {[%emt 0:03:37]} 27. Qd4 {[%emt 0:04:30]} Ne5 {[%emt 0:00:08]} 28. Qxa7 {[%emt 0:03:24]} Nd3 {[%emt 0:01:15]} 29. Qd4 {[%emt 0:01:22]} f6 {[%emt 0:01:18]} 30. Rf1 {[%emt 0:01:17]} Qg4 {[%emt 0:02:39]} 31. Bc3 {[%emt 0:05:40]} h5 {[%emt 0:11:08]} 32. Qxc4 {[%emt 0:06:41]} h4 {[%emt 0:00:59]} 33. Qxd3 {[%emt 0:00:47]} hxg3 {[%emt 0:00:04]} 34. h3 {[%emt 0:01:30]} Qc8 {[%emt 0:00:06]} 35. Qxg3 {[%emt 0:01:19]} Ba6 {[%emt 0:00:05]} 36. Rxf6 {[%emt 0:01:55]} Rd7 {[%emt 0:01:49]} 37. Rc6 {[%emt 0:01:40]} Qb7 {[%emt 0:00:06]} 38. Re1 {[%emt 0:00:59]} Bb5 {[%emt 0:01:02]} 39. Rg6 {[%emt 0:01:27]} Rf8 {[%emt 0:00:29]} 40. e5 {[%emt 0:00:00]} Qa7+ {[%emt 0:00:00]} 41. Kh2 {[%emt 0:03:28]} 1-0

[Event "Silver Lake Open-A 2019"]
[Site "Veliko Gradiste"]
[Date "2019.06.22"]
[Round "8.7"]
[White "Lajthajm, Borko"]
[Black "Pesotskiy, Mikhail"]
[Result "1-0"]
[WhiteElo "2433"]
[BlackElo "2282"]
[Annotator "ChessBase"]
[PlyCount "105"]
[EventDate "2019.06.16"]
[EventType "swiss"]
[EventCountry "SRB"]
[SourceTitle "playchess.com"]
[Source "ChessBase"]
[SourceQuality "1"]
[TimeControl "40/5400+30:900+30"]

1. d4 Nf6 2. c4 e6 3. Nf3 a6 4. Qc2 d5 5. cxd5 exd5 6. Bg5 Be7 7. e3 Be6 8. Bd3 Nbd7 9. Nc3 O-O 10. h3 c5 11. O-O h6 12. Bf4 b5 13. a3 Qb6 14. Qe2 Rac8 15. Rad1 Rfe8 16. Bb1 b4 17. dxc5 Nxc5 18. axb4 Qxb4 19. Nd4 Red8 20. Be5 Qb6 21. Nf5 Bxf5 22. Bxf5 Ra8 23. Rd4 Qb7 24. Rfd1 Ncd7 25. Bg3 Nb6 26. Bh4 Qc6 27. Bb1 Qb7 28. Qc2 g6 29. Qe2 Kg7 30. Qf3 Ng8 31. Bg3 Bf6 32. Rb4 Qc6 33. Ba2 Ne7 34. Ne2 a5 35. Nd4 Qb7 36. Rb5 Qa6 37. Rc5 Rac8 38. Rxc8 Rxc8 39. Bd6 Qb7 40. Qg4 h5 41. Qg3 Qd7 42. Be5 Nc6 43. Bxf6+ Kxf6 44. Qf4+ Kg7 45. Nf3 Rd8 46. e4 Nb4 47. Bb1 Qa4 48. Re1 dxe4 49. Ng5 Qd7 50. Bxe4 f6 51. Bf5 gxf5 52. Ne6+ Kf7 53. Qh6 1-0

[Event "Silver Lake Open-A 2019"]
[Site "Veliko Gradiste"]
[Date "2019.06.22"]
[Round "8.8"]
[White "Pikula, Dejan"]
[Black "Dimitrov, Vladimir"]
[Result "1-0"]
[WhiteElo "2468"]
[BlackElo "2309"]
[Annotator "ChessBase"]
[PlyCount "37"]
[EventDate "2019.06.16"]
[EventType "swiss"]
[EventCountry "SRB"]
[SourceTitle "playchess.com"]
[Source "ChessBase"]
[SourceQuality "1"]
[TimeControl "40/5400+30:900+30"]

1. e4 {[%emt 0:00:00]} c5 {[%emt 0:00:00]} 2. Nf3 {[%emt 0:00:00]} d6 {[%emt 0:00:00]} 3. Bb5+ {[%emt 0:00:19]} Nd7 {[%emt 0:00:13]} 4. O-O {[%emt 0:00:36]} a6 {[%emt 0:00:11]} 5. Bd3 {[%emt 0:00:05]} g6 {[%emt 0:01:48]} 6. c3 {[%emt 0:00:51]} Ne5 {[%emt 0:00:41]} 7. Be2 {[%emt 0:01:12]} Nxf3+ {[%emt 0:10:47]} 8. Bxf3 {[%emt 0:00:15]} Bg7 {[%emt 0:00:21]} 9. d4 {[%emt 0:04:59]} Qb6 {[%emt 0:08:11]} 10. d5 {[%emt 0:07:31]} Nf6 {[%emt 0:00:42]} 11. Nd2 {[%emt 0:00:35]} Qc7 {[%emt 0:06:37]} 12. a4 {[%emt 0:01:05]} e5 {[%emt 0:02:34]} 13. b4 {[%emt 0:08:47]} Nd7 {[%emt 0:06:04]} 14. a5 {[%emt 0:07:37]} O-O {[%emt 0:00:59]} 15. Qb3 {[%emt 0:00:13]} cxb4 {[%emt 0:09:10]} 16. Qxb4 {[%emt 0:06:38]} Nc5 {[%emt 0:01:07]} 17. Ba3 {[%emt 0:00:27]} Bd7 {[%emt 0:02:38]} 18. Nc4 {[%emt 0:03:36]} Rac8 {[%emt 0:00:42]} 19. Qb6 {[%emt 0:07:05]} 1-0